Surveillance (Record no. 193945)
[ view plain ]
| 000 -LEADER | |
|---|---|
| fixed length control field | 01367nam a2200337Ia 4500 |
| 082 04 - DEWEY DECIMAL CLASSIFICATION NUMBER | |
| Classification number | 303.3/3 |
| 245 00 - TITLE STATEMENT | |
| Title | Surveillance |
| 260 ## - PUBLICATION, DISTRIBUTION, ETC. (IMPRINT) | |
| Place of publication | Vancouver : |
| Name of publisher | UBC Press, |
| Year of publication | c2009. |
| 300 ## - PHYSICAL DESCRIPTION | |
| Number of Pages | xviii, 273 p. : |
| Other physical details | ill. |
| 650 #0 - SUBJECT ADDED ENTRY--TOPICAL TERM | |
| Topical Term | Electronic surveillance |
| Topical Term | Electronic surveillance |
| Topical Term | Information technology |
| Topical Term | Social control. |
| Topical Term | Privacy, Right of. |
| 700 1# - ADDED ENTRY--PERSONAL NAME | |
| Personal name | Hier, Sean P. |
| Personal name | Greenberg, Joshua, |
| 856 40 - ELECTRONIC LOCATION AND ACCESS | |
| Uniform Resource Identifier | http://site.ebrary.com/lib/rucke/Doc?id=10378041 |
No items available.
